| Tag |
First Indicator |
Second Indicator |
Subfields |
| LEADER |
00000cam a2200000 a 4500 |
| 001 |
in00000080667 |
| 005 |
20151008054035.0 |
| 008 |
801217r19791633nju 00010 engm |
| 010 |
|
|
|a 79084118
|
| 020 |
|
|
|a 9022109372 (Theatrum Orbis Terrarum)
|
| 035 |
|
|
|a (OCoLC)07172756
|
| 035 |
|
|
|9 AAH9443AM
|
| 040 |
|
|
|a DLC
|c DLC
|d m.c.
|d TXA
|d UtOrBLW
|
| 041 |
0 |
|
|a eng
|a heb
|
| 049 |
|
|
|a TXAM
|c [800389]
|
| 050 |
0 |
0 |
|a BX5139
|b .C4816 1979
|
| 082 |
0 |
|
|a 238/.3
|2 19
|
| 110 |
2 |
|
|a Church of England.
|
| 240 |
1 |
0 |
|a Catechism.
|l Hebrew & English
|
| 245 |
1 |
2 |
|a A short catechisme for young children :
|b London, 1633 /
|c [translated into Hebrew by] Thomas Ingmethorpe.
|
| 264 |
|
1 |
|a Norwood, N.J. :
|b W.J. Johnson ;
|a Amsterdam :
|b Theatrum Orbis Terrarum,
|c 1979.
|
| 300 |
|
|
|a 38 pages ;
|c 16 cm.
|
| 336 |
|
|
|a text
|b txt
|2 rdacontent
|
| 337 |
|
|
|a unmediated
|b n
|2 rdamedia
|
| 338 |
|
|
|a volume
|b nc
|2 rdacarrier
|
| 490 |
1 |
|
|a The English experience, its record in early printed books published in facsimile,
|v no. 937
|
| 500 |
|
|
|a Added title page: Hinukh ha-meat = A short catechisme.
|
| 500 |
|
|
|a Cover title: Catechisme for children.
|
| 500 |
|
|
|a English and Hebrew.
|
| 500 |
|
|
|a "S.T.C. number 16461."
|
| 500 |
|
|
|a Photoreprint of: London : M. Flescher for R. Milborne, 1633.
|
| 610 |
2 |
0 |
|a Church of England
|x Catechisms
|x Hebrew.
|
| 610 |
2 |
0 |
|a Church of England
|x Catechisms
|x English.
|
| 700 |
1 |
|
|a Ingmethorpe, Thomas.
|
| 740 |
0 |
|
|a Hinukh ha-meat.
|
| 740 |
0 |
|
|a Catechisme for children.
|
| 830 |
|
0 |
|a English experience, its record in early printed books published in facsimile ;
|v no. 937.
|
| 999 |
|
|
|a MARS
|
| 999 |
f |
f |
|s 0e4159a8-70b4-3e8e-aea3-61b690a626a5
|i a327e296-adb5-3aeb-9fd6-446f1b0fb89b
|t 0
|
| 952 |
f |
f |
|p ric
|a Texas A&M University
|b Rellis Campus
|c Joint Library Facility
|d Remote Storage
|t 0
|e BX5139 .C4816 1979
|h Library of Congress classification
|i unmediated -- volume
|m A14806093032
|
| 998 |
f |
f |
|a BX5139 .C4816 1979
|t 0
|l Remote Storage
|